[Event "9th Georgiev-Kesarovski Mem"]
[Site "Sunny Beach BUL"]
[Date "2010.08.31"]
[Round "4"]
[White "Todorov,Y"]
[Black "Asparuhov,P"]
[Result "1/2-1/2"]
[WhiteElo "1959"]
[BlackElo "2074"]

1.d4 d5 2.c4 c6 3.Nc3 Nf6 4.Nf3 a6 5.e3 g6 6.Be2 Bg7 7.O-O O-O 8.a3 Nbd7
9.b4 dxc4 10.Bxc4 Nb6 11.Bb3 Nbd5 12.Bb2 Nxc3 13.Bxc3 Nd5 14.Bb2 a5 15.Qd2 Bg4
16.Ne1 axb4 17.axb4 Rxa1 18.Bxa1 Qd6 19.Nd3 Bf5 20.Nc5 Bc8 21.e4 Nc7 22.Rd1 Rd8
23.Qe2 e6 24.e5 Qe7 25.Qe1 Nd5 26.Bxd5 exd5 27.Bc3 b6 28.Nb3 Bf5 29.Ra1 Qb7
30.Ra3 Ra8 31.Qa1 Rxa3 32.Qxa3 Bf8 33.h3 Bd3 34.Kh2 Qa6 35.Qxa6 Bxa6 36.Kg3 Be7
37.f4 Kf8 38.Kf3 h5 39.g3 Bf1 40.h4 Bb5 41.Nc1 Ba4 42.Ne2 Bd1 43.Ke3 Bc2
44.Ng1 Ke8 45.Nf3 Bf5 46.Ng5 c5 47.bxc5 bxc5 48.dxc5 Bxc5+ 49.Bd4 Bb4 50.Kf2 Ke7
51.Ke2 Bd7 52.Kf2 Be8 53.Ke2 Kd7 54.Bf2 Ke7 55.Bd4 Bb5+ 56.Kf2 Bd7 57.Ke2 Bg4+
58.Kf2 Ke8 59.Kf1 Bd1 60.Kf2 Ke7 61.Kf1 Ba4 62.Kf2 Be8 63.Ke2 Kd7 64.Bf2 Kc6
65.Kd3 Kb5 66.Nf3 Kc6 67.Ng5 Be7 68.Nf3 Bd7 69.Nd4+ Kc7 70.Nf3 Bf5+ 71.Kc3 Kd7
72.Ng5 f6 73.exf6 Bxf6+ 74.Bd4 Bd8 75.Kd2 Ba5+ 76.Ke2 Bg4+ 77.Kf2 Kc6 78.Nf7 Kb5
79.Ne5 Bf5 80.Ke2 Ka4 81.Nc6 Bc7 82.Ne5 Kb3 83.Kd2 Ba5+ 84.Ke2 Kc2 85.Nc6 Bd2
86.Ne5 Bc3 87.Ke3 Be1 88.Nf3 Bxg3 89.Bf6 Be4 90.Nd4+ Kd1 91.Ne2 Be1 92.Nc3+ Bxc3
93.Bxc3  1/2-1/2

[Event "7th Malaysia Open"]
[Site "Kuala Lumpur MAS"]
[Date "2010.09.01"]
[Round "1"]
[White "Bakri,Al"]
[Black "Nguyen Duc Hoa"]
[Result "0-1"]
[WhiteElo "1904"]
[BlackElo "2385"]

1.d4 d5 2.c4 c6 3.Nc3 Nf6 4.Nf3 a6 5.cxd5 cxd5 6.e3 Nc6 7.Bd3 Bg4 8.O-O e6
9.Bd2 Bd6 10.Be2 O-O 11.Ne5 Bxe2 12.Qxe2 b5 13.a3 Na5 14.Nf3 Nc4 15.Rab1 Qb8
16.h3 Qb7 17.Na2 a5 18.Nc1 Rfc8 19.Nd3 Ne4 20.Rfc1 Rc7 21.Be1 Rac8 22.Nfe5 f6
23.Nxc4 bxc4 24.Nf4 Bxf4 25.exf4 Qb6 26.Qe3 Kf7 27.Bc3 Rb7 28.Qe1 Rcb8 29.Qd1 g6
30.g3 Qa7 31.Qe1 Rb3 32.Bxa5 Rxb2 33.Rxb2 Rxb2 34.Bb4 Qxd4 35.Qe3 Qxe3 36.fxe3 Nxg3
37.Rd1 c3  0-1

[Event "17th Open A"]
[Site "Graz AUT"]
[Date "2010.09.03"]
[Round "7"]
[White "Fauland,A"]
[Black "Kasparov,S"]
[Result "1/2-1/2"]
[WhiteElo "2406"]
[BlackElo "2492"]

1.Nf3 Nf6 2.c4 c6 3.d4 d5 4.Nc3 a6 5.e3 b5 6.b3 Bf5 7.Be2 h6 8.Ne5 e6 9.O-O Bd6
10.f4 O-O 11.Bd2 Ne4 12.Nxe4 Bxe4 13.Qe1 Qe7 14.Nd3 Nd7 15.c5 Bc7 16.Nb4 Qe8
17.Nxc6 Nxc5 18.Bb4 Nd3 19.Bxd3 Bxd3 20.Bxf8 Bxf1 21.Kxf1 Qxc6 22.Rc1  1/2-1/2

[Event "ch-RUS Higher League"]
[Site "Irkutsk RUS"]
[Date "2010.09.05"]
[Round "10"]
[White "Yevseev,D"]
[Black "Volkov,Sergey1"]
[Result "1-0"]
[WhiteElo "2531"]
[BlackElo "2597"]

1.Nf3 d5 2.d4 Nf6 3.c4 c6 4.Nc3 a6 5.a4 e6 6.g3 dxc4 7.Bg2 c5 8.O-O cxd4
9.Nxd4 Bc5 10.Nc2 Qxd1 11.Rxd1 Nbd7 12.Ne3 Ne5 13.a5 Bd7 14.Na4 Bxe3 15.Bxe3 Bc6
16.Nb6 Rd8 17.Rxd8+ Kxd8 18.Rd1+ Ke8 19.Bxc6+ Nxc6 20.Nxc4 Nd5 21.Bc5 f5
22.Nd6+ Kd7 23.Nxf5 Nxa5 24.Nxg7 Rg8 25.e4 Rxg7 26.exd5 Nc4 27.b3 Ne5 28.f4 Ng4
29.h3 Nf6 30.dxe6+ Kxe6 31.Rd6+ Kf7 32.Rxf6+ Kxf6 33.Bd4+ Kf7 34.Bxg7 Kxg7
35.Kf2 Kf6 36.Ke3 a5 37.g4 Ke6 38.Kd4 Kd6 39.f5 b5 40.g5 a4 41.bxa4  1-0

[Event "ch-POR"]
[Site "Amadora POR"]
[Date "2010.09.11"]
[Round "8"]
[White "Santos,AntonioP"]
[Black "Diogo,V"]
[Result "1-0"]
[WhiteElo "2326"]
[BlackElo "2271"]

1.d4 d5 2.c4 c6 3.Nf3 Nf6 4.Nc3 a6 5.c5 Nbd7 6.Bf4 Nh5 7.Bd2 g6 8.e4 dxe4
9.Nxe4 Ndf6 10.Nxf6+ Nxf6 11.Bc4 Bg7 12.Qb3 O-O 13.O-O Nd5 14.Rfe1 h6 15.h3 Rb8
16.Bxd5 cxd5 17.Bf4 Ra8 18.Qb6 Qd7 19.b4 Re8 20.a4 f6 21.b5 axb5 22.axb5 Rxa1
23.Rxa1 e5 24.dxe5 fxe5 25.c6 bxc6 26.Ra7 Qd8 27.Rxg7+ Kxg7 28.Bxe5+ Kh7
29.Qxc6 Re6 30.Qc5 Bb7 31.Bd4 Qe8 32.Qc7+ Re7 33.Qd6 Re6 34.Qf4 Re7 35.Qh4 Qf8
36.Kh2 Re4 37.Ng5+ Kg8 38.Nxe4 dxe4 39.Qg3 g5 40.Qe5 Qf4+ 41.Qxf4 gxf4 42.g4 Kf7
43.b6 Kg6 44.h4 h5 45.g5 f3 46.Kg1 Ba6 47.Kh2 Bb7 48.Kg3 Kf5 49.g6 Kxg6 50.Kf4 Bc6
51.Ke5 Bb7 52.Bc5 Ba8 53.Be3 Bb7 54.Kd6 Kf5 55.Kc7 Ba6 56.b7 Bxb7 57.Kxb7 Kg4
58.Kc6 Kxh4 59.Kd5 Kh3 60.Kxe4 Kg2 61.Bc5 h4 62.Ke3  1-0

[Event "WCh w Blitz Semi-Final"]
[Site "Moscow RUS"]
[Date "2010.09.15"]
[Round "9"]
[White "Zhukova,N"]
[Black "Gvetadze,Sopi"]
[Result "0-1"]
[WhiteElo "2499"]
[BlackElo "2352"]

1.d4 d5 2.c4 c6 3.Nf3 Nf6 4.Nc3 a6 5.e3 b5 6.cxd5 cxd5 7.Bd3 e6 8.O-O Bd6
9.Ne5 Bb7 10.a4 b4 11.Na2 O-O 12.Bd2 a5 13.Nc1 Ne4 14.f4 f6 15.Nf3 Nd7 16.Nb3 Qb6
17.Bb5 Rfd8 18.Be1 Ba6 19.Bxa6 Qxa6 20.Nfd2 Qd3 21.Rf3 Rdc8 22.Nxe4 Qxe4
23.Rc1 Nb6 24.Nc5 Bxc5 25.dxc5 Nc4 26.Qe2 Rc6 27.b3 Na3 28.Rg3 Rac8 29.Qg4 g6
30.Qh4 Kg7 31.Rh3 h5 32.Rg3 Rxc5 33.Rxc5 Rxc5 34.Qxh5 Qxe3+ 35.Rxe3 gxh5
36.Rxe6 Kf7 37.f5 Rc1 38.Kf2 Nc2 39.Bd2 Rb1 40.Ra6 Rxb3 41.Rxa5 Rb2 42.Rxd5 Na3
43.Kf3 Nc4 44.Bf4 b3 45.Rb5 Rb1 46.Rb4 b2 47.Ke2 Rg1 48.Rb7+ Ke8 49.Rb8+ Kd7
50.Rb7+ Kc6 51.Rc7+ Kd5 52.Rd7+ Ke4  0-1

[Event "WCh w Blitz Semi-Final"]
[Site "Moscow RUS"]
[Date "2010.09.16"]
[Round "20"]
[White "Romanko,M"]
[Black "Gvetadze,Sopi"]
[Result "1-0"]
[WhiteElo "2411"]
[BlackElo "2352"]

1.d4 d5 2.c4 c6 3.Nf3 Nf6 4.Nc3 a6 5.e3 e6 6.b3 b5 7.Bd2 Nbd7 8.Bd3 Bd6 9.O-O O-O
10.c5 Bc7 11.b4 e5 12.dxe5 Nxe5 13.Nxe5 Bxe5 14.f4 Bc7 15.Ne2 Bg4 16.h3 Bxe2
17.Qxe2 Re8 18.Bc3 Qe7 19.Bd4 Ne4 20.Qb2 f6 21.a4 Reb8 22.Ra3 a5 23.axb5 cxb5
24.bxa5 Nxc5 25.Bb1 Na4 26.Qc2 Bxa5 27.Qxh7+ Kf8 28.Ra2 Bb6 29.Bg6 Qe6 30.Qh8+ Qg8
31.Qh5 Nc5 32.Rc2 Ne6 33.Bxb6 Rxb6 34.Qxd5 Rab8 35.f5 Rd8 36.Qb3 Ng5 37.Qb4+ Rbd6
38.Rd2 Ke7 39.Rfd1 Nf7 40.Bxf7 Kxf7 41.Rxd6 Rxd6 42.Qxd6 Qa8 43.Qe6+  1-0

[Event "EYCC Girls U12"]
[Site "Batumi GEO"]
[Date "2010.09.21"]
[Round "2"]
[White "Brandl,L"]
[Black "Beinenson,Katsiaryna"]
[Result "0-1"]
[WhiteElo "1542"]
[BlackElo "1921"]

1.d4 d5 2.c4 c6 3.Nf3 Nf6 4.Nc3 a6 5.e3 b5 6.c5 g6 7.b4 a5 8.bxa5 Qxa5 9.Bd2 b4
10.Nb1 Ne4 11.a3 Nxd2 12.Qxd2 Bf5 13.Bd3 Bxd3 14.Qxd3 Bg7 15.O-O Nd7 16.Rc1 O-O
17.Nfd2 Qc7 18.Nb3 bxa3 19.Rxa3 Rxa3 20.Nxa3 Ra8 21.Ra1 e5 22.Nc2 Rb8 23.Qc3 exd4
24.exd4 Qb7 25.Na5 Qa6 26.Nb4 Qb5 27.Naxc6 Re8 28.Qd3 Qb7 29.h3 Nxc5 30.Qc3 Ne4
31.Qd3 Qd7 32.Ra7 Qd6 33.Qf3 f5 34.Rb7 Nc5 35.Rb8 Rxb8 36.Nxb8 Ne4 37.N8c6 Bxd4
38.Nxd4 Qxb4 39.Qd1 Qd2 40.Qxd2 Nxd2 41.f4 Kf7 42.Kf2 Ne4+ 43.Ke3 Nc5 44.Kd2 Ne6
45.Ke3 Ke7 46.Nc6+ Kd6 47.Ne5 d4+ 48.Kf3 Kd5 49.h4 Kc5 50.Nd3+ Kc4 51.Ke2 Nc5
52.Nc1 Kc3 53.Kd1 d3 54.Na2+ Kd4  0-1

[Event "39th Olympiad Men"]
[Site "Khanty-Mansiysk RUS"]
[Date "2010.09.22"]
[Round "2"]
[White "Collins,S IRL"]
[Black "Marcos,J"]
[Result "1-0"]
[WhiteElo "2431"]
[BlackElo "2115"]

1.d4 d5 2.c4 c6 3.Nf3 Nf6 4.Nc3 a6 5.h3 e6 6.c5 a5 7.Bf4 b5 8.cxb6 Qxb6 9.a3 Nfd7
10.Na4 Qa7 11.Rc1 Ba6 12.e3 Bxf1 13.Kxf1 Be7 14.g4 O-O 15.Kg2 Rc8 16.h4 c5
17.Nxc5 Nxc5 18.b4 axb4 19.axb4 Qb7 20.bxc5 Nc6 21.Rb1 Qd7 22.Ne5 Nxe5 23.Bxe5 f6
24.Bg3 Bd8 25.Qd3 Bc7 26.Rb7 Qc6 27.Qb5 Qxb5 28.Rxb5 Bxg3 29.Kxg3 Rc7 30.Rhb1 Kf7
31.Rb7 Rc8 32.R1b6 Ke7 33.h5 g5 34.Kf3 Kd7 35.Rd6+ Ke7 36.Rbb6  1-0

[Event "Tatry Open"]
[Site "Tatranske Zruby CZE"]
[Date "2010.10.02"]
[Round "1"]
[White "Kantorik,M"]
[Black "Jandourek,L"]
[Result "1-0"]
[WhiteElo "2379"]
[BlackElo "2177"]

1.d4 d5 2.c4 c6 3.Nf3 Nf6 4.Nc3 a6 5.e3 g6 6.Be2 Bg7 7.O-O O-O 8.Ne5 Nbd7
9.f4 Ne4 10.Nxe4 dxe4 11.Qc2 f5 12.Bd2 Nxe5 13.dxe5 c5 14.b4 Qc7 15.bxc5 Bd7
16.Rab1 Bc6 17.Bc3 Rfd8 18.Rfd1 Rxd1+ 19.Rxd1 Rd8 20.Rd4 Be8 21.Qb2 Rc8 22.Qb6 Qc6
23.Kf2 g5 24.g3 g4 25.Rd2 Bf7 26.Qxc6 Rxc6 27.Rd8+ Bf8 28.Bd4 Be6 29.Rb8 Rc7
30.Ke1 Kf7 31.Kd2 Bd7 32.Kc3 e6 33.Bd1 Be7 34.a4 Bc8 35.Kb4 Bd8 36.a5 Be7
37.Ba4 h5 38.Bc2 Bf8 39.Bd1 Be7 40.Ba4 Bf8 41.Kc3 Bd7 42.Bxd7 Rxd7 43.Rc8 Be7
44.c6 bxc6 45.Rxc6 h4 46.Rxa6 h3 47.Ra7 Rxa7 48.Bxa7 Bh4 49.a6 Bxg3 50.Bc5 Be1+
51.Kb3 g3 52.a7 gxh2 53.a8=Q h1=Q 54.Qf8+ Kg6 55.Qg8+ Kh6 56.Bf8+ Kh5 57.Qg5+  1-0

[Event "Tatry Open"]
[Site "Tatranske Zruby CZE"]
[Date "2010.10.04"]
[Round "3"]
[White "Volodin,V"]
[Black "Kernazhitsky,L"]
[Result "1/2-1/2"]
[WhiteElo "2219"]
[BlackElo "2347"]

1.Nf3 d5 2.d4 Nf6 3.c4 c6 4.Nc3 a6 5.a4 e6 6.Bg5 Be7 7.e3 a5 8.Be2 Na6 9.O-O O-O
10.Qb3 Nb4 11.Na2 Nxa2 12.Rxa2 Nd7 13.Bxe7 Qxe7 14.Raa1 b6 15.cxd5 exd5 16.Rac1 Bb7
17.Ne5 Nxe5 18.dxe5 Qb4 19.Qxb4 axb4 20.Bg4 Rfd8 21.e6 Kf8 22.b3 f6 23.f4 Ke7
24.f5 Rd6 25.Be2 g6 26.g4 c5 27.Bd3 Rc8 28.Kf2 c4 29.bxc4 dxc4 30.Bxc4 Rd2+
31.Be2 Ba6 32.Rxc8 Rxe2+ 33.Kf3 Bxc8 34.Rc1 Ba6 35.Rc7+ Ke8 36.Ra7 Bc4 37.Ra8+ Ke7
38.Ra7+ Ke8 39.Ra8+ Ke7 40.Ra7+  1/2-1/2

[Event "Continental Class Ch"]
[Site "Arlington USA"]
[Date "2010.10.07"]
[Round "1"]
[White "Sarkar,J"]
[Black "Itkis,H"]
[Result "1-0"]
[WhiteElo "2389"]
[BlackElo "2060"]

1.d4 d5 2.c4 c6 3.Nf3 Nf6 4.Nc3 a6 5.a4 e6 6.Bg5 Nbd7 7.e3 Qa5 8.cxd5 Nxd5
9.e4 Nxc3 10.bxc3 Nf6 11.Bd3 Qxc3+ 12.Ke2 Qa5 13.Bd2 Qc7 14.a5 c5 15.Qc2 Bd7
16.Rhc1 Rc8 17.dxc5 Qxc5 18.Qb2 Qa7 19.Rxc8+ Bxc8 20.Rc1 Qa8 21.Ne5 Be7 22.Bb4 Nd7
23.Bxe7 Nxe5 24.Qxe5 Kxe7 25.Qc5+ Kd7 26.Qc7+  1-0

[Event "Karen Asrian Memorial"]
[Site "Jermuk ARM"]
[Date "2010.10.07"]
[Round "3"]
[White "Aghasaryan,R"]
[Black "Simonian,H"]
[Result "0-1"]
[WhiteElo "2308"]
[BlackElo "2473"]

1.d4 d5 2.c4 c6 3.Nf3 Nf6 4.Nc3 a6 5.a4 e6 6.g3 Bb4 7.Bg2 O-O 8.O-O Nbd7
9.Qc2 a5 10.Na2 Be7 11.Bg5 b6 12.Rfd1 Ba6 13.b3 Rc8 14.Nc3 dxc4 15.bxc4 Bxc4
16.e4 h6 17.Bf4 b5 18.Nd2 Nb6 19.Nxc4 Nxc4 20.Qe2 Bb4 21.Na2 Qe7 22.Nxb4 axb4
23.axb5 cxb5 24.Rab1 Na3 25.Rb3 Rc4 26.Qd2 Rd8 27.d5 e5 28.d6 Qe6 29.Be3 Nxe4
30.Bxe4 Rxe4 31.Qd5 Rd4 32.Rxd4 exd4 33.Qxe6 fxe6 34.Bxd4 Rxd6 35.Bc5 Rd1+
36.Kg2 Nc2 37.Bxb4 Nxb4 38.Rxb4 Rd5 39.Kf3 Kf7 40.h4 Ke7 41.Rb2 Kd6 42.Ke4 Kc5
43.Rc2+ Kb6 44.Rb2 Rc5 45.Kd4 Rd5+ 46.Ke4 g6 47.f3 h5 48.Rb1 Kc5 49.Rc1+ Kb6
50.Rb1 Kc6 51.Ra1 b4 52.Ra6+ Kc5 53.Rxe6 Rd1 54.Rxg6 b3 55.Rg8 Re1+ 56.Kf4 b2
57.Rb8 b1=Q 58.Rxb1 Rxb1 59.Kg5 Rg1 60.g4 hxg4 61.fxg4 Kd6  0-1

[Event "Tatry Open"]
[Site "Tatranske Zruby CZE"]
[Date "2010.10.07"]
[Round "7"]
[White "Motuz,K"]
[Black "Vermirovsky,V"]
[Result "1-0"]
[WhiteElo "2244"]
[BlackElo "2018"]

1.d4 d5 2.c4 c6 3.Nc3 Nf6 4.Nf3 a6 5.c5 Nbd7 6.Bf4 Nh5 7.Bg5 h6 8.Bd2 g6
9.e4 dxe4 10.Nxe4 Bg7 11.Qc1 Ndf6 12.Nc3 Be6 13.Be2 g5 14.h3 Nd5 15.h4 g4
16.Ne5 Nhf6 17.O-O h5 18.a3 Nd7 19.Nxd5 Bxd5 20.Bf4 Bf6 21.g3 e6 22.Nxd7 Qxd7
23.Qe3 Qd8 24.Be5 Kd7 25.f3 Bxe5 26.Qxe5 Qe7 27.fxg4 hxg4 28.Rf6 Rh5 29.Qf4 Rf5
30.Rxf5 exf5 31.Qxf5+ Qe6 32.Bxg4  1-0

[Event "TCh-NED"]
[Site "Netherlands NED"]
[Date "2010.10.09"]
[Round "2.6"]
[White "Van de Griendt,JW"]
[Black "Driessens,P"]
[Result "1-0"]
[WhiteElo "2331"]
[BlackElo "2349"]

1.d4 d5 2.c4 c6 3.Nf3 Nf6 4.Nc3 a6 5.e3 b5 6.c5 g6 7.Ne5 Bg7 8.f4 Qc7 9.Be2 Nbd7
10.O-O O-O 11.b4 Nxe5 12.fxe5 Ne8 13.a4 Rb8 14.axb5 axb5 15.e4 dxe4 16.Nxe4 Be6
17.Ng5 Qd7 18.Nxe6 Qxe6 19.Bg5 f6 20.exf6 exf6 21.d5 cxd5 22.Bf4 Rd8 23.Bxb5 Qe4
24.Qd2 f5 25.Rad1 d4 26.Bc4+ Kh8 27.Rfe1 Qc6 28.Re6 Qc8 29.Qd3 Nf6 30.Bd6 Rfe8
31.Rxe8+ Nxe8 32.Be7 Rd7 33.Be6 Nc7 34.Bxd7 Qxd7 35.Bh4 Nb5 36.Qf3 h6 37.Bg3 Qe6
38.Qd3 Nc3 39.Re1 Ne4 40.b5 Nxc5 41.Rxe6 Nxd3 42.b6  1-0

[Event "Karen Asrian Memorial"]
[Site "Jermuk ARM"]
[Date "2010.10.10"]
[Round "6"]
[White "Bagaturov,G"]
[Black "Volkov,Sergey1"]
[Result "1/2-1/2"]
[WhiteElo "2464"]
[BlackElo "2595"]

1.d4 d5 2.c4 c6 3.Nf3 Nf6 4.Nc3 a6 5.c5 Nbd7 6.Bf4 Nh5 7.Bd2 Nhf6 8.Bf4 Nh5
9.Bd2 g6 10.e4 dxe4 11.Nxe4 Ndf6 12.Nxf6+ exf6 13.Bc4 Qe7+ 14.Be3 Bh6 15.Qb3 Bxe3
16.fxe3 O-O 17.O-O Bg4 18.Nd2 Rad8 19.Rae1 Ng7 20.Qc3 Be6 21.e4 Qd7 22.d5 cxd5
23.exd5 Bxd5 24.Bxd5 Qxd5 25.Ne4 Nh5 26.Rxf6 Rfe8 27.Rd6 Rxd6 28.cxd6 f5
29.Ng5 Rxe1+ 30.Qxe1 Qxd6 31.Qe6+ Qxe6 32.Nxe6 b6 33.Nc7 a5 34.Nd5 b5 35.a3 Kf7
36.Nc7 Nf4 37.Nxb5 Nd3 38.Nd6+ Ke6 39.Nc4 a4 40.Kf1 Nc5 41.Ke2 Kd5 42.Nd2 g5
43.Ke3 h6 44.h3 f4+ 45.Kf3 Kd4 46.Kg4 Ke3 47.Nf3 Kf2 48.h4 Kxg2 49.hxg5 hxg5
50.Nxg5 Nd3 51.Nf3 Kf2 52.Nd4 Ke3 53.Nf5+ Ke4 54.Nd6+ Ke3 55.Nf5+ Ke2 56.Nd4+ Kf2
57.b3 axb3 58.Nxb3 Ke3 59.Nd2 Kxd2 60.Kf3 Kc3 61.Ke4 Kd2 62.Kf3 Kc3 63.Ke4 Kc4
64.a4  1/2-1/2

[Event "TCh-CHN"]
[Site "Guangzhou CHN"]
[Date "2010.10.15"]
[Round "15"]
[White "Zhao Xue"]
[Black "Shen Yang"]
[Result "1/2-1/2"]
[WhiteElo "2490"]
[BlackElo "2444"]

1.d4 d5 2.c4 c6 3.Nc3 Nf6 4.Nf3 a6 5.e3 b5 6.b3 Bf5 7.Ne5 e6 8.g4 Bg6 9.h4 Bb4
10.Bd2 Bxc3 11.Bxc3 Ne4 12.Bb4 f6 13.Nd3 Nd7 14.Rc1 a5 15.Ba3 b4 16.Bb2 O-O
17.c5 Qb8 18.Nf4 Bf7 19.Bd3 Ra7 20.Qc2 e5 21.Ne2 exd4 22.Nxd4 Rc8 23.f3 Qg3+
24.Kf1 Nexc5 25.Bxh7+ Kf8 26.Bf5 Rac7 27.g5 Re8 28.Qe2 Ne6 29.Qh2 Qxh2 30.Rxh2 Nxd4
31.Bxd4 Be6 32.Bd3 Ne5 33.Bxe5 fxe5 34.Rc5 Ra8 35.Rhc2 a4 36.Rxc6 axb3 37.axb3 Rxc6
38.Rxc6 Bh3+ 39.Kf2 Ra2+ 40.Kg3 Rd2 41.Ba6 Bf5 42.Rb6 Bd3 43.Bb7 Bf1 44.Kg4 d4
45.exd4 exd4 46.Rxb4 d3 47.Be4 Rb2 48.f4 Be2+ 49.Bf3 Rb1 50.Rd4 Rg1+ 51.Kf5 Bxf3
52.Rxd3 Bc6 53.h5 Be8 54.g6 Rg2 55.b4 Rg1 56.Rd5 Rb1 57.Rd4 Rh1 58.Kg5 Rh2
59.f5 Re2 60.Rg4 Ke7 61.f6+ gxf6+ 62.Kh6 f5 63.Rg1 Kf6 64.g7 Bf7 65.g8=Q Bxg8
66.Rxg8 Re4 67.b5 Rb4 68.b6 f4 69.Rg6+ Kf7 70.Rg7+ Kf6 71.Rg6+ Kf7 72.Kg5 f3
73.Rf6+ Kg8 74.Rxf3 Rxb6 75.Rf5 Ra6 76.Rb5 Ra7 77.Rb6 Kg7  1/2-1/2

[Event "11th Liberec Open"]
[Site "Liberec CZE"]
[Date "2010.10.24"]
[Round "2"]
[White "Selig,R"]
[Black "Kaderabek,J"]
[Result "0-1"]
[WhiteElo "2057"]
[BlackElo "2146"]

1.d4 d5 2.c4 c6 3.Nf3 Nf6 4.Nc3 a6 5.e3 b5 6.b3 Bg4 7.h3 Bxf3 8.gxf3 Nbd7
9.f4 e6 10.c5 Ne4 11.Nxe4 dxe4 12.Bd2 f5 13.a4 Nf6 14.Bg2 Be7 15.O-O O-O
16.Ra2 Kh8 17.Kh1 Rg8 18.Qa1 b4 19.Bxb4 Qd5 20.Ba5 Rac8 21.b4 g5 22.fxg5 Rxg5
23.Rg1 Nh5 24.Qb1 Bf6 25.Rc2 f4 26.exf4 Nxf4 27.Qf1 Rcg8 28.Bc7 Rxg2 29.Rxg2 Nxg2
30.Bg3 Nh4 31.Bxh4 Bxh4 32.Kh2 Bg5 33.Rc3 Bf4+ 34.Rg3 e3  0-1

[Event "Uxbridge Premier"]
[Site "Denham ENG"]
[Date "2010.10.25"]
[Round "2"]
[White "Holland,J"]
[Black "Shaw,P"]
[Result "1/2-1/2"]
[WhiteElo "2034"]
[BlackElo "2164"]

1.d4 d5 2.c4 c6 3.Nf3 Nf6 4.Nc3 a6 5.c5 Nbd7 6.Bf4 Nh5 7.e3 g6 8.Be2 Bg7
9.Ne5 Nxf4 10.exf4 f6 11.Nxd7 Bxd7 12.Bg4 O-O 13.O-O e5 14.Bxd7 Qxd7 15.Ne2 Rae8
16.Re1 exd4 17.Qd2 f5 18.Rad1 Re6 19.Nxd4 Bxd4 20.Qxd4 Rfe8 21.Re5 Qg7 22.Rde1 Qf6
23.g3  1/2-1/2

[Event "Uxbridge Premier"]
[Site "Denham ENG"]
[Date "2010.10.26"]
[Round "5"]
[White "Arkell,K"]
[Black "Shaw,P"]
[Result "1-0"]
[WhiteElo "2439"]
[BlackElo "2164"]

1.d4 d5 2.c4 c6 3.Nf3 Nf6 4.Nc3 a6 5.a4 e6 6.Bg5 Nbd7 7.e3 Be7 8.a5 O-O 9.Bd3 dxc4
10.Bxc4 Nd5 11.Bxe7 Qxe7 12.O-O Qb4 13.Qb3 Qxb3 14.Bxb3 Nxc3 15.bxc3 c5 16.Rfb1 Rb8
17.Bc4 cxd4 18.cxd4 b5 19.axb6 Rxb6 20.Rxb6 Nxb6 21.Bxa6 Bxa6 22.Rxa6 Ra8
23.Rxa8+ Nxa8 24.g4 f6 25.h4 Kf7 26.Kg2 Nc7 27.Kg3 Ke7 28.e4 Nb5 29.Kf4 Nd6
30.Nd2 Nb5 31.Ke3 Nd6 32.f3 Kd7 33.Kd3 Kc6 34.Nc4 Nb5 35.f4 g6 36.Ne3 Nc7
37.f5 gxf5 38.gxf5 exf5 39.Nxf5 Kd7 40.d5 Nb5 41.Ke3 Ke8 42.Nh6 Nd6 43.Kf4 Kf8
44.h5 Ke8 45.Ng8 Kf7 46.Nxf6 Kxf6 47.e5+ Ke7 48.exd6+ Kxd6 49.Ke4 Kd7 50.Ke5 Ke7
51.d6+ Kf7 52.h6 Kf8 53.Kf6  1-0

[Event "Uxbridge Premier"]
[Site "Denham ENG"]
[Date "2010.10.27"]
[Round "6"]
[White "Buckley,G"]
[Black "Shaw,P"]
[Result "1-0"]
[WhiteElo "2397"]
[BlackElo "2164"]

1.d4 d5 2.c4 c6 3.Nf3 Nf6 4.Nc3 a6 5.e3 b5 6.b3 Bg4 7.Be2 e6 8.O-O Bd6 9.h3 Bh5
10.Bb2 O-O 11.Rc1 Nfd7 12.Ne1 Bxe2 13.Nxe2 Nf6 14.Nd3 Nbd7 15.Rc2 Qb8 16.Qc1 Rc8
17.Ba3 Ne8 18.f3 Bxa3 19.Qxa3 Nb6 20.cxb5 cxb5 21.Rfc1 Rxc2 22.Rxc2 Ra7 23.Nb4 Qb7
24.Nc6 Ra8 25.Ne7+ Kh8 26.Nxd5 Nd7 27.Nb4 Rc8 28.Rxc8 Qxc8 29.Qxa6 Qxa6 30.Nxa6 Nb6
31.Nc3 Nd6 32.e4 f6 33.Nc7 b4 34.Na4  1-0

[Event "TCh-NED Meesterklasse 2011-12"]
[Site "Netherlands NED"]
[Date "2010.10.29"]
[Round "2.9"]
[White "Rijnaarts,S"]
[Black "Span,P"]
[Result "1-0"]
[WhiteElo "2302"]
[BlackElo "2305"]

1.d4 d5 2.c4 c6 3.Nf3 Nf6 4.Nc3 a6 5.c5 Nbd7 6.Bf4 Nh5 7.Bd2 Nhf6 8.Rc1 g6
9.h3 Qc7 10.g3 Nh5 11.e4 dxe4 12.Nxe4 Bg7 13.Bg2 O-O 14.O-O Ndf6 15.Nc3 Be6
16.Re1 Bd5 17.Qe2 Rfe8 18.Qe3 Bh8 19.Nxd5 Nxd5 20.Qa3 Ng7 21.Ba5 Qc8 22.Ne5 Nf5
23.Qd3 Bxe5 24.dxe5 Nc7 25.Rcd1 e6 26.Be4 Ne7 27.h4 Ned5 28.h5 Qd7 29.Qf3 Qe7
30.Rc1 Qg5 31.Kg2 Rf8 32.Rcd1 f5 33.Bc2 Qxh5 34.Qxh5 gxh5 35.Rh1 Rae8 36.Rxh5 Rf7
37.Rg5+ Kh8 38.Rh1 Rg8 39.Rxg8+ Kxg8 40.Bd2 Rg7 41.Rh4 Rd7 42.Bb3 Ne7 43.Bg5 Ng6
44.Rb4 Nd5 45.Bxd5 cxd5 46.Rb6 Kf7 47.f4 Ne7 48.Rd6 Rc7 49.Rd8 Ng6 50.b4 Nf8
51.Kf3 a5 52.a3 axb4 53.axb4 Rd7 54.Rb8 d4 55.Ke2 Ng6 56.Kd3 h6 57.Bf6 h5
58.Rd8 Rxd8 59.Bxd8 Ke8 60.Bf6 Kd7 61.Kxd4 Kc6 62.Kc4 Nf8 63.b5+ Kc7 64.Be7 Ng6
65.Bg5 Kd7 66.Kd4 Kc7 67.Kc4 Kd7 68.Kb4 Kc7 69.Ka5 Nf8 70.Be7 Ng6 71.Bd6+ Kc8
72.Kb6 h4 73.gxh4 Nxf4 74.c6 Nd5+ 75.Ka7 b6 76.h5 Nf4 77.Kxb6 Nxh5 78.Ka7 f4
79.b6  1-0

[Event "Chigorin Mem Classic Open"]
[Site "St Petersburg RUS"]
[Date "2010.10.30"]
[Round "3"]
[White "Ushenina,A"]
[Black "Volkov,Sergey1"]
[Result "0-1"]
[WhiteElo "2466"]
[BlackElo "2595"]

1.d4 d5 2.c4 c6 3.Nf3 Nf6 4.Nc3 a6 5.a4 e6 6.g3 dxc4 7.Bg2 c5 8.dxc5 Qxd1+
9.Nxd1 Bxc5 10.Ne5 Ke7 11.O-O Rd8 12.Nxc4 Bd7 13.Nde3 Bc6  0-1

[Event "Chigorin Mem Classic Open"]
[Site "St Petersburg RUS"]
[Date "2010.10.30"]
[Round "3"]
[White "Ovod,E"]
[Black "Butuc,M"]
[Result "1-0"]
[WhiteElo "2401"]
[BlackElo "2180"]

1.d4 d5 2.c4 c6 3.Nf3 Nf6 4.Nc3 a6 5.e3 b5 6.b3 Bg4 7.h3 Bxf3 8.Qxf3 e5 9.dxe5 Bb4
10.Bd2 Bxc3 11.Bxc3 Ne4 12.Bb4 bxc4 13.Qg4 c5 14.f3 O-O 15.fxe4 cxb4 16.exd5 Qxd5
17.Bxc4 Qxe5 18.O-O Ra7 19.Rad1 Nc6 20.Qf3 Nd8 21.Rd5 Qc7 22.Rfd1 Ne6 23.Rd6 Rd8
24.Bxe6 Rxd6 25.Qxf7+ Qxf7 26.Rxd6 Qxe6 27.Rxe6 a5 28.Re5 a4 29.Rb5 axb3
30.axb3 Re7 31.Kf2 Kf7 32.Rxb4  1-0

[Event "14th OIBM"]
[Site "Bad Wiessee GER"]
[Date "2010.11.01"]
[Round "4.21"]
[White "Eingorn,V"]
[Black "Dirr,U"]
[Result "1-0"]
[WhiteElo "2562"]
[BlackElo "2258"]

1.d4 d5 2.c4 c6 3.Nf3 Nf6 4.Nc3 a6 5.h3 e6 6.cxd5 cxd5 7.Bf4 Bd6 8.e3 Nc6
9.Bd3 O-O 10.O-O h6 11.Rc1 Bxf4 12.exf4 Qd6 13.Qd2 Bd7 14.Bb1 Rac8 15.Ne5 Rfd8
16.Rfe1 Qb4 17.Rcd1 Na5 18.g4 Nc4 19.Nxc4 dxc4 20.g5 hxg5 21.fxg5 Nd5 22.g6 Nxc3
23.gxf7+ Kxf7 24.bxc3 Qe7 25.Qf4+ Qf6 26.Qg3 Bc6 27.Re5 Qf3 28.Bg6+ Kf8 29.Qxf3+ Bxf3
30.Rde1 Bd5 31.f4 Ke7 32.f5 Kf6 33.h4 Rc6 34.h5 Rdd6 35.fxe6 Bxe6 36.Rf1+ Ke7
37.Rf7+ Kd8 38.Rxg7 b5 39.h6 Bd7 40.Rg5  1-0

[Event "Chigorin Mem Classic Open"]
[Site "St Petersburg RUS"]
[Date "2010.11.02"]
[Round "6"]
[White "Maletin,P"]
[Black "Levin,Ev"]
[Result "1-0"]
[WhiteElo "2621"]
[BlackElo "2483"]

1.d4 d5 2.c4 c6 3.Nf3 Nf6 4.Nc3 a6 5.c5 Bf5 6.Bf4 Nbd7 7.e3 e6 8.Nd2 Be7
9.Be2 Bg6 10.b4 Qc8 11.a4 b6 12.a5 bxc5 13.bxc5 Ra7 14.Na4 Qd8 15.Nb6 O-O
16.O-O Ne4 17.Nxe4 Bxe4 18.Qa4 e5 19.Nxd7 Qxd7 20.Bxe5 Re8 21.Bg3 g6 22.Ra2 h5
23.h3 Bd8 24.Rb2 Rb7 25.Rb4 Rxb4 26.Qxb4 Qc8 27.Ra1 Re7 28.Bh4 Rb7 29.Bxa6 Rxb4
30.Bxc8 Bxh4 31.a6 Bxf2+ 32.Kxf2 Rb2+ 33.Kf1 Rxg2 34.a7 Rh2 35.a8=Q Rh1+
36.Ke2 Rh2+ 37.Ke1 Rh1+ 38.Kd2 Rh2+ 39.Kc3  1-0

[Event "Chigorin Mem Classic Open"]
[Site "St Petersburg RUS"]
[Date "2010.11.02"]
[Round "6"]
[White "Kopasov,E"]
[Black "Tagirov,K"]
[Result "1-0"]
[WhiteElo "2086"]
[BlackElo "1895"]

1.d4 d5 2.c4 c6 3.Nf3 Nf6 4.Nc3 a6 5.e3 e6 6.Bd3 Be7 7.O-O O-O 8.e4 b5 9.e5 Ne8
10.b3 b4 11.Ne2 c5 12.cxd5 exd5 13.dxc5 g6 14.Bh6 Ng7 15.Rc1 Nc6 16.Ned4 Bd7
17.Nxc6 Bxc6 18.Nd4 Qc8 19.f4 f5 20.Be2 Rd8 21.Bxg7 Kxg7 22.Bf3 a5 23.Rf2 a4
24.Rd2 Ra5 25.Rdc2 Kh6 26.Qd2 axb3 27.axb3 Qb7 28.g4 Qc8 29.g5+ Kg7 30.Qxb4 Ra7
31.Qd2 h6 32.h4 hxg5 33.hxg5 Kf7 34.b4 Ba4 35.Ra2 Qb7 36.Rca1 Rda8 37.Nxf5 Bb3
38.Rxa7 Rxa7 39.Rxa7 Qxa7 40.Bxd5+ Bxd5 41.Qxd5+ Kf8 42.Nxe7 Kxe7 43.Qd6+  1-0

[Event "14th OIBM"]
[Site "Bad Wiessee GER"]
[Date "2010.11.03"]
[Round "6.12"]
[White "Solomon,K"]
[Black "Buhmann,R"]
[Result "1/2-1/2"]
[WhiteElo "2394"]
[BlackElo "2563"]

1.d4 d5 2.Nf3 Nf6 3.c4 c6 4.Nc3 a6 5.e3 b5 6.c5 g6 7.Ne5 Bg7 8.f4 O-O 9.Be2 Be6
10.Bf3 a5 11.a3 Nfd7 12.Nd3 Na6 13.O-O Bf5 14.Nf2 h5 15.e4 dxe4 16.Ncxe4 Qc7
17.Be3 Rad8 18.Qe2 Be6 19.Rfd1 Bc4 20.Qe1 Bb3 21.Rd3 Bc4 22.Rdd1 Bb3 23.Rd3 Bc4
24.Rdd1 Bb3  1/2-1/2